Представление документа в формате MARC21

Поле Инд. ПП Название Значение
Тип записи m
Библиографический уровень m
001 Контрольный номер dcda45d83d364ad08139402fe81a5e39
003 RU/IS/BASE/709139746
005 Дата корректировки 20250313145439.8
008 Кодируемые данные 240215 ru rus u
020 a ISBN 978-5-4222-0479-3
040 a Служба первич. каталог. Б-ка МАГУ
e Правила каталог. PSBO
041 0_ a Код языка текста рус/rus
084 a Индекс другой классификации/Индекс ББК 74.480.278я43
203 a Вид содержания Текст
c Тип средства электронный
245 10 a Заглавие Путь в науку
b Продолж. заглавия материалы региональной научно-практической конференции «Современные информационные технологии и естественные науки», 18–23 апреля 2022 года : сборник статей
c Ответственность Министерство науки и высшего образования Российской Федерации, Мурманский арктический государственный университет ; редкол.: А. А. Ляш, О. И. Ляш, В. В. Левитес
h Физич. носитель Электронный ресурс
260 a Место издания Мурманск
b Издательство МАГУ
c Дата издания 2022
300 a Объем 134 с.
500 a Примечание Электрон. текстовые дан. (файл : 3,3 Мб)
500 a Примечание URL: https://elib.mauniver.ru/2024/MASU/SB_31.pdf
500 a Примечание Доступ из локальной сети Мурманского арктического университета. - Загл. с экрана
520 0_ a Аннотация Представленный сборник статей включает материалы докладов региональной научно-практической конференции «Современные информационные технологии и естественные науки». Сборник предназначен для студентов, магистрантов и аспирантов Мурманского арктического государственного университета, а также преподавателей вузов, научных сотрудников и учителей школ
650 04 a Основная рубрика Высшее образование-Сборники
653 0_ a Ключевые слова ИКТ в образовательном процессе; Информационно-коммуникационные технологии; МАГУ; Материалы конференций; Мурманский арктический государственный университет; Научные студенческие конференции; Наука; Образовательные технологии; Сборники научных статей; Электронные версии
700 1_ a Другие авторы Ляш А. А.
e Роль лиц отв. ред.
700 1_ a Другие авторы Ляш О. И.
e Роль лиц ред.
700 1_ a Другие авторы Левитес В. В.
e Роль лиц ред.
710 12 a Организация/ юрисдикция Мурманский арктический государственный университет
856 40 u URL https://elib.mauniver.ru/2024/MASU/SB_31.pdf
901 t Тип документа m